000 00660nam a2200265Ia 4500
005 20260320203242.0
008 008 262003s9999 xx 000 0 eng d
020 _a978-3-031-54557-3
037 _aEBOOK
040 _aCRL
040 _beng
040 _cCRL
041 _2eng
041 _aeng
084 _qCRL
100 _aAdam Rieger, Stephan Leuenberger
_91137183
245 0 _aThemes from Weir: A Celebration of the Philosophy of Alan Weir
260 _bSpringer
260 _c2024
650 _aPhilosophy
856 _uhttps://doi.org/10.1007/978-3-031-54557-3
942 _cEBOOK
999 _c1725900
_d1725900